[Event "ICS rated blitz match"]
[Site "204.178.125.65"]
[Date "2000.07.10"]
[Round "?"]
[White "Hossa"]
[Black "QueenMaxima"]
[Result "0-1"]
[WhiteElo "2565"]
[BlackElo "2545"]
[PlyCount "108"]
[EventDate "2000.??.??"]

1. c4 Nf6 2. Nc3 g6 3. g3 Bg7 4. Nf3 O-O 5. Bg2 d6 6. d4 Nbd7 7. O-O e5 8. Bg5
h6 9. Bxf6 Qxf6 10. Nd5 Qd8 11. e3 c6 12. Nc3 Nb6 13. b3 Bg4 14. Qd3 Bxf3 15.
Bxf3 exd4 16. exd4 Re8 17. Rfe1 Qf6 18. Ne2 Re7 19. a4 a5 20. Rad1 Rae8 21. Bg4
Kh8 22. Bh3 Qg5 23. Bg2 Qg4 24. h3 Qg5 25. f4 Qh5 26. Kf1 d5 27. c5 Nd7 28. Ng1
Rxe1+ 29. Rxe1 Rxe1+ 30. Kxe1 g5 31. Qf5 Nf8 32. Nf3 Ne6 33. fxg5 hxg5 34. Kd2
Nxd4 35. Qc8+ Kh7 36. Nxd4 Bxd4 37. Qxb7 Qg6 38. Qe7 Qf5 39. Qe2 Kg7 40. h4
gxh4 41. gxh4 Qf4+ 42. Kc2 Qxh4 43. Qd2 Be5 44. Qxa5 Qh7+ 45. Kd1 Qh5+ 46. Ke1
Qh2 47. Bxd5 Qc2 48. Kf1 Bg3 49. Qc3+ Qxc3 50. Kg2 cxd5 51. a5 Be1 52. Kh1 Qg3
53. a6 Bf2 54. b4 Qh3# 0-1

[Event "ICS rated blitz match"]
[Site "204.178.125.65"]
[Date "2000.07.10"]
[Round "?"]
[White "kako"]
[Black "Hossa"]
[Result "0-1"]
[WhiteElo "2139"]
[BlackElo "2548"]
[PlyCount "52"]
[EventDate "2000.??.??"]

1. d4 Nf6 2. g3 d5 3. Bg2 g6 4. Nf3 Bg7 5. O-O O-O 6. Bf4 Ne4 7. c3 c5 8. Nbd2
cxd4 9. cxd4 Nc6 10. Nb3 f6 11. Be3 e5 12. Nfd2 Ng5 13. Bxg5 fxg5 14. dxe5 Bxe5
15. Rb1 Bf5 16. e4 dxe4 17. Nxe4 Qxd1 18. Rfxd1 Rae8 19. Rd2 Bxg3 20. fxg3 Bxe4
21. Bxe4 Rxe4 22. Nc5 Re7 23. Rbd1 Ne5 24. Rd8 Nf3+ 25. Kg2 Re2+ 26. Kh3 Rxh2+
{kako resigns} 0-1

[Event "ICS rated blitz match"]
[Site "204.178.125.65"]
[Date "2000.07.10"]
[Round "?"]
[White "kako"]
[Black "Hossa"]
[Result "1/2-1/2"]
[WhiteElo "2133"]
[BlackElo "2554"]
[PlyCount "52"]
[EventDate "2000.??.??"]

1. e4 e5 2. Nf3 Nc6 3. Bb5 a6 4. Bxc6 dxc6 5. d3 f6 6. Qe2 Be6 7. Nbd2 Qd7 8.
b3 g5 9. Nc4 O-O-O 10. Bb2 Bb4+ 11. Nfd2 h5 12. O-O-O Rh7 13. Kb1 Kb8 14. Ne3
h4 15. g4 h3 16. Nf5 Nh6 17. Nxh6 Rxh6 18. f3 Bc5 19. Nf1 Bd4 20. Ng3 Rh7 21.
Nh5 Bxb2 22. Kxb2 Qe7 23. Qf1 Bf7 24. Ng3 Be6 25. Nh5 Bf7 26. Ng3 Be6 1/2-1/2

[Event "ICS rated standard match"]
[Site "204.178.125.65"]
[Date "2000.07.10"]
[Round "?"]
[White "QueenMaxima"]
[Black "Hossa"]
[Result "1-0"]
[WhiteElo "2326"]
[BlackElo "2357"]
[PlyCount "80"]
[EventDate "2000.??.??"]

1. d4 Nf6 2. Bf4 d5 3. Nf3 h6 4. e3 g5 5. Bg3 Ne4 6. Be5 f6 7. Bg3 h5 8. h3
Nxg3 9. fxg3 Qd6 10. Kf2 h4 11. gxh4 gxh4 12. Nc3 Bf5 13. Bd3 Qg3+ 14. Kf1
Bxd3+ 15. Qxd3 Rg8 16. Rg1 Nd7 17. Ne2 Qd6 18. Qh7 Rg7 19. Qh5+ Kd8 20. Qxh4
Qb6 21. b3 a5 22. Nf4 Qd6 23. c4 dxc4 24. d5 Nc5 25. Nd4 Kd7 26. bxc4 Qe5 27.
Re1 Qe4 28. Qh5 Rg5 29. Qf3 Qe5 30. g4 Rg8 31. Nfe6 Nxe6 32. Nxe6 Qc3 33. Qf5
Qxc4+ 34. Kf2 Rh8 35. Rc1 Qb4 36. Rxc7+ Kd6 37. Rc2 Qa4 38. Rb1 Ra6 39. Nd8
Qxc2+ 40. Qxc2 Rxh3 {Hossa resigns} 1-0

[Event "ICS rated blitz match"]
[Site "204.178.125.65"]
[Date "2000.07.10"]
[Round "?"]
[White "Hossa"]
[Black "inmichess"]
[Result "1-0"]
[WhiteElo "2541"]
[BlackElo "2448"]
[PlyCount "167"]
[EventDate "2000.??.??"]

1. d4 Nf6 2. Bf4 c5 3. dxc5 Qa5+ 4. Nd2 Qb4 5. e3 Qxb2 6. Bc4 e6 7. Bd6 Bxd6 8.
cxd6 Qb4 9. Ne2 Qxd6 10. O-O O-O 11. Bd3 Nc6 12. Nc4 Qc7 13. Nd6 Ne5 14. Ng3
Nxd3 15. Qxd3 Qc6 16. e4 Qc5 17. Rfd1 b6 18. Rac1 a5 19. c4 Rb8 20. a4 Ng4 21.
Qd2 Ba6 22. Qf4 Ne5 23. Nf1 Ng6 24. Qd2 Rfd8 25. Ng3 Qc6 26. Qc2 Ne7 27. Qb3
Qc5 28. Qf3 Rf8 29. Qf4 Ng6 30. Qd2 Ne5 31. Qc2 Ra8 32. Qb3 Ra7 33. Qc3 Rc7 34.
Ngf5 exf5 35. Rd5 Qb4 36. Qxe5 f6 37. Qa1 Qb3 38. Rxf5 Bxc4 39. Nb5 Rcc8 40.
Nd6 Rc6 41. Rd1 Be2 42. Rb1 Qc2 43. Rd5 Bg4 44. Rd4 Ra8 45. Rd5 Ra6 46. Rd4 Be6
47. Rdd1 Qe2 48. Rb2 Qg4 49. Qb1 Ra8 50. h3 Qh5 51. Rb5 Qe2 52. Rb2 Qa6 53. Qa1
Ra7 54. Rbd2 Rc5 55. Qb1 Rac7 56. Qb2 R7c6 57. Rb1 Qa8 58. f3 Qf8 59. Rbd1 Rc3
60. Kh1 Rb3 61. Qa1 Re3 62. Qd4 Rec3 63. Rd3 R3c5 64. f4 Qa8 65. f5 Bd5 66.
exd5 Rxd6 67. Qf4 Qf8 68. Qf2 Qb8 69. Qe1 Qa8 70. Qg3 Qf8 71. Qf2 Qf7 72. Qg3
Qe7 73. Re3 Qf8 74. Rde1 Rc8 75. Re7 Rc1 76. Qe3 Rxe1+ 77. Qxe1 Re6 78. Rxe6
dxe6 79. fxe6 Qc8 80. d6 Kf8 81. Qd1 Qxe6 82. d7 Qxd7 83. Qxd7 h5 84. Qd8+ 1-0

[Event "ICS rated blitz match"]
[Site "204.178.125.65"]
[Date "2000.07.10"]
[Round "?"]
[White "inmichess"]
[Black "Hossa"]
[Result "0-1"]
[WhiteElo "2436"]
[BlackElo "2553"]
[PlyCount "170"]
[EventDate "2000.??.??"]

1. e4 e5 2. Nf3 Nc6 3. c3 Nf6 4. d4 Nxe4 5. d5 Nb8 6. Bd3 Nc5 7. Nxe5 Qe7 8.
O-O Qxe5 9. Re1 Nxd3 10. Rxe5+ Nxe5 11. Qe1 f6 12. f4 Bd6 13. fxe5 fxe5 14. Qf2
Rf8 15. Qe2 Bc5+ 16. Be3 Bxe3+ 17. Qxe3 d6 18. Na3 Na6 19. Nb5 Bf5 20. Rf1 Bd7
21. Rxf8+ Kxf8 22. Nxa7 Nc5 23. b4 Na4 24. Qe2 Nb6 25. Nb5 Bxb5 26. Qxb5 Rxa2
27. Qd3 g6 28. g4 Ra3 29. g5 Kg7 30. h4 Ra8 31. Kg2 Rf8 32. Kh3 Rf4 33. Qd1 Rc4
34. Qb3 e4 35. Kg3 e3 36. Qd1 Re4 37. Qf3 Re8 38. Qe2 Nxd5 39. c4 Ne7 40. Kh2
Nf5 41. h5 Nd4 42. Qg4 e2 43. h6+ Kf7 44. Qxd4 Re5 45. Qf2+ Ke6 46. Qe1 Kf5 47.
Kg2 Kxg5 48. Qc1+ Kf6 49. Qe1 b5 50. cxb5 Ke6 51. Kg3 Re4 52. b6 cxb6 53. Kh3
d5 54. Kg3 g5 55. b5 Kf5 56. Qf2+ Kg6 57. Qe1 g4 58. Kf2 d4 59. Kg3 d3 60. Kf2
d2 61. Qxd2 e1=B+ 62. Qxe1 g3+ 63. Kf3 Rxe1 64. Kxg3 Rf1 65. Kg2 Kxh6 66. Kxf1
Kg6 67. Ke2 Kf5 68. Kf3 Ke5 69. Ke3 Kd5 70. Kf4 Kc5 71. Ke4 Kxb5 72. Kd4 Ka4
73. Kd5 b5 74. Kc5 h5 75. Kc6 h4 76. Kc5 h3 77. Kc6 h2 78. Kc5 b4 79. Kc4 b3
80. Kd5 b2 81. Ke5 b1=Q 82. Kd5 Qe1 83. Kd6 h1=Q 84. Kd7 Qb7+ 85. Kd6 Qee7# 0-1

[Event "ICS rated standard match"]
[Site "204.178.125.65"]
[Date "2000.07.10"]
[Round "?"]
[White "Hossa"]
[Black "PostModernist"]
[Result "1/2-1/2"]
[WhiteElo "2340"]
[BlackElo "2406"]
[PlyCount "128"]
[EventDate "2000.??.??"]

1. d4 Nf6 2. Bf4 c5 3. dxc5 Na6 4. Qd4 Qa5+ 5. Nc3 e6 6. Bd6 Nd5 7. Qa4 Qxa4 8.
Nxa4 b5 9. Nc3 Nxc3 10. bxc3 Nxc5 11. Bxf8 Kxf8 12. e3 Bb7 13. f3 a6 14. c4 b4
15. Ne2 a5 16. Kd2 e5 17. Rb1 d5 18. c3 dxc4 19. cxb4 axb4 20. Rxb4 Rxa2+ 21.
Kc3 Ke7 22. Rxc4 Rc8 23. Nc1 Rf2 24. Nb3 Rxf1 25. Rxf1 Na4+ 26. Kb4 Rxc4+ 27.
Kxc4 Ba6+ 28. Kb4 Bxf1 29. Kxa4 Bxg2 30. Nd2 g5 31. Kb4 h5 32. Nc4 Ke6 33. Nd2
f5 34. Kc3 g4 35. fxg4 fxg4 36. Kd3 h4 37. Ke2 g3 38. hxg3 hxg3 39. e4 Kf6 40.
Nf3 Bxf3+ 41. Kxf3 Kg6 42. Kg2 Kh5 43. Kh3 g2 44. Kxg2 Kg4 45. Kf2 Kf4 46. Ke1
Kf3 47. Kd2 Kf2 48. Kd3 Kf3 49. Kd2 Kxe4 50. Ke2 Kf4 51. Kf2 e4 52. Ke2 e3 53.
Ke1 Kf5 54. Kf1 Ke5 55. Ke2 Ke4 56. Ke1 Kf4 57. Ke2 Ke4 58. Ke1 Kd5 59. Kf1 Kc5
60. Ke2 Kc6 61. Kf1 Kd5 62. Ke2 Ke6 63. Kf1 Kf5 64. Ke2 Ke4 1/2-1/2

[Event "ICS rated blitz match"]
[Site "204.178.125.65"]
[Date "2000.07.10"]
[Round "?"]
[White "Hossa"]
[Black "PostModernist"]
[Result "1-0"]
[WhiteElo "2564"]
[BlackElo "2693"]
[PlyCount "157"]
[EventDate "2000.??.??"]

1. d4 Nf6 2. c4 g6 3. Nc3 d5 4. cxd5 Nxd5 5. Bd2 Nb6 6. Nf3 Bg7 7. Bf4 O-O 8.
e4 Bg4 9. Be3 c6 10. h3 Be6 11. Bf4 f5 12. Ng5 Qd7 13. Nxe6 Qxe6 14. e5 Rd8 15.
Be2 c5 16. Nb5 Qc6 17. O-O a6 18. Na3 Rxd4 19. Qc1 Nd5 20. Bh2 Nd7 21. Nc2 Rh4
22. f4 e6 23. Bg3 Rh6 24. Ne3 N7b6 25. Rd1 a5 26. Qd2 a4 27. Nxd5 Nxd5 28. Bf2
b5 29. Rab1 c4 30. Bf3 Rd8 31. h4 Bf8 32. Qa5 Be7 33. g3 Rd7 34. Qe1 Bc5 35. a3
Qb6 36. Rd2 Qc7 37. Bxc5 Qxc5+ 38. Qf2 Qc6 39. Rc1 Kg7 40. Rf1 Kf8 41. Rfd1 Kg7
42. Be2 Kf7 43. Rc2 Ne7 44. Bf3 Rxd1+ 45. Bxd1 Kg8 46. Rd2 Qc7 47. Be2 Nd5 48.
Qd4 c3 49. bxc3 Nxc3 50. Qd8+ Qxd8 51. Rxd8+ Kf7 52. Bf3 b4 53. Rd3 Nb1 54.
axb4 a3 55. Rd7+ Ke8 56. Ra7 Kd8 57. Kf2 Kc8 58. Ke3 Nc3 59. Rxa3 Nb5 60. Ra5
Nc7 61. b5 g5 62. fxg5 Rg6 63. b6 Nd5+ 64. Bxd5 exd5 65. Ra8+ Kb7 66. Ra7+ Kxb6
67. Rxh7 Kc5 68. Kf4 Rb6 69. Kxf5 Rb3 70. g6 Rf3+ 71. Kg4 Rf8 72. g7 Rg8 73.
Kf5 d4 74. Kf6 d3 75. Rh8 d2 76. Rxg8 d1=Q 77. Rc8+ Kb5 78. Rb8+ Kc5 79. g8=Q
1-0

[Event "ICS rated blitz match"]
[Site "204.178.125.65"]
[Date "2000.07.10"]
[Round "?"]
[White "PostModernist"]
[Black "Hossa"]
[Result "1-0"]
[WhiteElo "2671"]
[BlackElo "2586"]
[PlyCount "135"]
[EventDate "2000.??.??"]

1. e4 c5 2. c3 d5 3. exd5 Qxd5 4. d4 Nf6 5. Nf3 Nc6 6. Na3 Bg4 7. Be2 cxd4 8.
Nb5 O-O-O 9. Nbxd4 e5 10. Nxc6 Qxc6 11. Qc2 g6 12. Bg5 Bf5 13. Qb3 Rd6 14. Nxe5
Qe8 15. Qb5 Qxb5 16. Bxb5 h6 17. Nxf7 Re6+ 18. Kf1 Rh7 19. Bxf6 Rxf6 20. Ne5
Bd6 21. Nf3 a6 22. Be2 Kc7 23. Nd4 Bd7 24. Rd1 Re7 25. Kg1 Kb6 26. h4 Be5 27.
Bf3 Ba4 28. b3 Bd7 29. a4 h5 30. a5+ Kc7 31. b4 Ba4 32. Rd3 Rd6 33. g3 Bb3 34.
Kh2 Bc4 35. Re3 Bf6 36. Rxe7+ Bxe7 37. Rd1 Bf6 38. Be4 Bh8 39. f4 Bg7 40. Kg2
Kb8 41. Kf3 Kc7 42. Rg1 Bh6 43. g4 Bf8 44. gxh5 gxh5 45. Rg5 Bf7 46. b5 Rf6 47.
bxa6 bxa6 48. Rg1 Bc4 49. Rb1 Bd6 50. Nf5 Bc5 51. Rb7+ Kc8 52. Ne7+ Bxe7 53.
Rxe7 Kd8 54. Re5 Bf7 55. Bd5 Bg6 56. Re6 Rxe6 57. Bxe6 Bd3 58. Ke3 Ke7 59. Kxd3
Kxe6 60. Ke4 Kd6 61. f5 Kc5 62. f6 Kb5 63. f7 Kc6 64. f8=Q Kd7 65. Kd5 Kc7 66.
Qe7+ Kb8 67. Kc6 Kc8 68. Qf8# {Hossa checkmated} 1-0

[Event "ICS rated blitz match"]
[Site "204.178.125.65"]
[Date "2000.07.10"]
[Round "?"]
[White "zhora"]
[Black "Hossa"]
[Result "0-1"]
[WhiteElo "2092"]
[BlackElo "2574"]
[PlyCount "62"]
[EventDate "2000.??.??"]

1. e4 c5 2. Ne2 Nf6 3. Nbc3 Nc6 4. g3 d6 5. Bg2 g6 6. O-O Bg7 7. h3 O-O 8. d3
Nd7 9. Be3 a6 10. Qd2 Nd4 11. Bh6 Bxh6 12. Qxh6 Nxc2 13. Nd5 Nxa1 14. Rxa1 e6
15. Ne3 Ne5 16. Nf4 f6 17. Rd1 Nf7 18. Qh4 g5 19. Qh5 gxf4 20. gxf4 b5 21. Bf3
e5 22. Kh2 exf4 23. Rg1+ Ng5 24. Nd5 Kh8 25. Bg4 Bxg4 26. Rxg4 Nf3+ 27. Kg2 Ne5
28. Rh4 f3+ 29. Kf1 Ra7 30. Qf5 Rg7 31. Nf4 Qa5 {zhora resigns} 0-1

[Event "ICS rated blitz match"]
[Site "204.178.125.65"]
[Date "2000.07.10"]
[Round "?"]
[White "Hossa"]
[Black "Raksu"]
[Result "1-0"]
[WhiteElo "2576"]
[BlackElo "2028"]
[PlyCount "25"]
[EventDate "2000.??.??"]

1. d4 e6 2. e4 d5 3. Nd2 Be7 4. Nh3 Nf6 5. e5 Nfd7 6. Bd3 c5 7. c3 Nc6 8. O-O
cxd4 9. cxd4 Nxd4 10. Qg4 Nc6 11. Qxg7 Rf8 12. Nf3 Qc7 13. Bf4 {Raksu resigns}
1-0

[Event "ICS rated blitz match"]
[Site "204.178.125.65"]
[Date "2000.07.10"]
[Round "?"]
[White "Raksu"]
[Black "Hossa"]
[Result "0-1"]
[WhiteElo "2027"]
[BlackElo "2577"]
[PlyCount "31"]
[EventDate "2000.??.??"]

1. e4 c5 2. Nc3 Nc6 3. g3 g6 4. Bg2 Bg7 5. d3 e5 6. Nd5 d6 7. Ne2 Nf6 8. Nec3
Nxd5 9. Nxd5 O-O 10. h4 Nb4 11. Ne3 Be6 12. c3 Nxa2 13. Nd5 Nxc1 14. Qxc1 Bxd5
15. exd5 f5 16. h5 {Raksu resigns} 0-1

[Event "ICS rated blitz match"]
[Site "204.178.125.65"]
[Date "2000.07.10"]
[Round "?"]
[White "Hossa"]
[Black "ZarkovX"]
[Result "0-1"]
[WhiteElo "2578"]
[BlackElo "2799"]
[PlyCount "130"]
[EventDate "2000.??.??"]

1. d4 Nf6 2. c4 e5 3. dxe5 Ng4 4. Nf3 Nc6 5. Bg5 Be7 6. Bxe7 Qxe7 7. Nc3 Ngxe5
8. Nd5 Nxf3+ 9. gxf3 Qd8 10. Qb3 O-O 11. O-O-O a5 12. Rg1 Qh4 13. Qc3 f6 14.
Rg4 Qh6+ 15. Qe3 Qxh2 16. Rg3 Qh5 17. Nxc7 Rb8 18. Kb1 Qf5+ 19. Rd3 Qe5 20. Qb6
d6 21. Nd5 Bf5 22. e4 Bg6 23. Rd1 f5 24. Rg5 a4 25. c5 Kh8 26. Bc4 Qh2 27. cxd6
Rbd8 28. Rdg1 Ne5 29. R5g2 Qh4 30. Be2 fxe4 31. f4 e3+ 32. Ka1 exf2 33. Rxf2
Nc6 34. Qc5 a3 35. Rfg2 axb2+ 36. Kxb2 Rf7 37. Bc4 Be4 38. Re2 Bxd5 39. Bxd5
Rxf4 40. Bxc6 bxc6 41. Qe5 Rf7 42. Kb1 Qc4 43. Rd1 c5 44. Rc2 Qb5+ 45. Rb2 Qa4
46. Rh1 Qc6 47. Rd1 Rfd7 48. Rd5 c4 49. Rb4 c3 50. Rc5 Qh1+ 51. Kc2 Qg2+ 52.
Kxc3 Qxa2 53. Rg4 Rb8 54. Kd3 Qb1+ 55. Ke2 Rb2+ 56. Ke3 Rb3+ 57. Kf2 Qa2+ 58.
Qe2 Rf7+ 59. Kg1 Rb1+ 60. Kh2 Qxe2+ 61. Rg2 Qe6 62. Rc3 Qe5+ 63. Rcg3 Rf3 64.
d7 Qh5+ 65. Rh3 Qxh3# {Hossa checkmated} 0-1

[Event "ICS rated standard match"]
[Site "204.178.125.65"]
[Date "2000.07.10"]
[Round "?"]
[White "Hossa"]
[Black "expert101"]
[Result "1/2-1/2"]
[WhiteElo "2343"]
[BlackElo "2138"]
[PlyCount "199"]
[EventDate "2000.??.??"]

1. e4 c6 2. d4 d5 3. Nd2 Nf6 4. e5 Ng8 5. Be2 Bf5 6. Ngf3 e6 7. Nb3 Ne7 8. Nh4
Be4 9. f3 Bg6 10. Nxg6 hxg6 11. Bf4 Nf5 12. Qd2 Nd7 13. O-O-O Be7 14. Bd3 g5
15. Bxf5 gxf4 16. Bd3 g5 17. h4 gxh4 18. Kb1 Bg5 19. Rc1 Qe7 20. c4 dxc4 21.
Rxc4 Nb6 22. Rcc1 O-O-O 23. Be4 Nd5 24. Qa5 Kb8 25. Bxd5 Rxd5 26. Qc3 Rhd8 27.
Rhe1 Qc7 28. Rc2 Qb6 29. Qd2 a5 30. Re4 a4 31. Nc5 Qb5 32. Qc3 Be7 33. Rc1 Bxc5
34. dxc5 Rd2 35. Rxf4 R8d3 36. Qb4 Qxb4 37. Rxb4 Rxg2 38. Rxh4 a3 39. bxa3 Rxa3
40. Rh8+ Ka7 41. Rc4 Raxa2 42. Rc3 Rgb2+ 43. Kc1 Rh2 44. Rxh2 Rxh2 45. Ra3+ Kb8
46. f4 Rf2 47. Ra4 Kc7 48. Kb1 Rd2 49. Kc1 Rd5 50. Rc4 b6 51. cxb6+ Kxb6 52.
Rb4+ Rb5 53. Rd4 Kc7 54. Ra4 c5 55. Ra7+ Rb7 56. Ra6 Kd7 57. Kd2 Rb4 58. Ra7+
Ke8 59. Ra8+ Ke7 60. Ra7+ Kf8 61. Ke3 Kg7 62. Rc7 Rc4 63. Rc8 Rc3+ 64. Kd2 Rf3
65. Rxc5 Rxf4 66. Ke3 Ra4 67. Rc1 Rg4 68. Rb1 Kg6 69. Rf1 Ra4 70. Rg1+ Kf5 71.
Rf1+ Kxe5 72. Rxf7 Ra3+ 73. Ke2 Ke4 74. Ke1 e5 75. Rg7 Ra2 76. Rg4+ Kf3 77. Rh4
e4 78. Rh3+ Kf4 79. Rh4+ Ke5 80. Rh5+ Kd4 81. Rh3 Rg2 82. Rh4 Kd3 83. Rh5 Re2+
84. Kf1 Ra2 85. Rd5+ Ke3 86. Re5 Ra1+ 87. Kg2 Kd3 88. Kf2 Ra2+ 89. Ke1 e3 90.
Rd5+ Ke4 91. Rg5 Kd3 92. Rd5+ Ke4 93. Rg5 Kd3 94. Rd5+ Ke4 95. Rg5 Kd3 96. Rd5+
Ke4 97. Rg5 Kd3 98. Rd5+ Ke4 99. Rg5 Kd3 100. Rd5+ 1/2-1/2

[Event "ICS rated blitz match"]
[Site "204.178.125.65"]
[Date "2000.07.10"]
[Round "?"]
[White "Hossa"]
[Black "Tinker"]
[Result "1-0"]
[WhiteElo "2571"]
[BlackElo "2480"]
[PlyCount "101"]
[EventDate "2000.??.??"]

1. e4 Nc6 2. Nf3 Nf6 3. e5 Nd5 4. d4 d6 5. Be2 Bf5 6. O-O dxe5 7. Bb5 exd4 8.
Nxd4 Bd7 9. Nxc6 bxc6 10. Be2 e5 11. Re1 Bd6 12. c4 Nf6 13. Qc2 Qe7 14. Bd3 Bc5
15. Nc3 Ng4 16. Ne4 Bb4 17. Re2 f5 18. Ng3 e4 19. Nxf5 Bxf5 20. Bxe4 Bxe4 21.
Qxe4 Qxe4 22. Rxe4+ Kf7 23. Rxg4 Be7 24. Re4 Rhe8 25. Be3 Bf6 26. Rxe8 Rxe8 27.
Rb1 a6 28. b3 Re4 29. Rd1 g6 30. Bc5 Be7 31. Bxe7 Kxe7 32. Kf1 Rh4 33. h3 Rf4
34. Ke2 Re4+ 35. Kf3 Re5 36. h4 c5 37. g4 c6 38. a3 h6 39. Rd3 Re6 40. g5 hxg5
41. hxg5 Re5 42. Re3 Kd6 43. Rxe5 Kxe5 44. Kg4 Kd4 45. f4 Ke4 46. b4 Kd4 47. f5
Ke5 48. fxg6 Ke6 49. Kh5 cxb4 50. axb4 c5 51. bxc5 {Tinker resigns} 1-0

[Event "ICS rated blitz match"]
[Site "204.178.125.65"]
[Date "2000.07.10"]
[Round "?"]
[White "MrCool"]
[Black "Hossa"]
[Result "1/2-1/2"]
[WhiteElo "2259"]
[BlackElo "2583"]
[PlyCount "138"]
[EventDate "2000.??.??"]

1. e4 c5 2. Nf3 Nc6 3. d4 cxd4 4. Nxd4 g6 5. Nc3 Bg7 6. Be3 Nf6 7. Be2 O-O 8.
O-O d6 9. Nb3 Bd7 10. a4 Nb4 11. Qd2 Ng4 12. Bd4 e5 13. Nb5 Nxc2 14. Qxc2 exd4
15. N5xd4 Rc8 16. Qd2 Qe7 17. Bxg4 Bxg4 18. f3 Be6 19. Rfc1 Qd7 20. Nxe6 fxe6
21. Nc5 Qf7 22. Nd3 Rcd8 23. Qe3 d5 24. Ra3 dxe4 25. Qxe4 Bd4+ 26. Kh1 Rd5 27.
Rb3 a5 28. Rb5 Rxb5 29. axb5 Qd7 30. b4 a4 31. Nc5 Bxc5 32. bxc5 Qxb5 33. Qxe6+
Rf7 34. Rd1 a3 35. Rd8+ Kg7 36. Qe5+ Rf6 37. h4 Qb1+ 38. Kh2 Qf5 39. Qc3 a2 40.
Ra8 Qb1 41. Ra7 Kf7 42. c6 Rxc6 43. Qxc6 a1=Q 44. Rxa1 Qxa1 45. Qxb7+ Kf6 46.
Qxh7 Qe5+ 47. Kh3 Qf5+ 48. Kg3 Qe5+ 49. Kh3 Qf5+ 50. Kh2 Qe5+ 51. Kg1 Qe1+ 52.
Kh2 Qe5+ 53. Kh1 Qe1+ 54. Kh2 Qe5+ 55. Kh3 Qf5+ 56. Kg3 Qe5+ 57. f4 Qe3+ 58.
Kg4 Qe2+ 59. Kg3 Qe3+ 60. Kg4 Qe2+ 61. Kh3 Qe3+ 62. g3 Qe6+ 63. Kg2 Qe2+ 64.
Kh3 Qf1+ 65. Kh2 Qe2+ 66. Kh3 Qf1+ 67. Kh2 Qe2+ 68. Kh3 Qf1+ 69. Kh2 Qe2+
1/2-1/2

[Event "ICS rated blitz match"]
[Site "204.178.125.65"]
[Date "2000.07.10"]
[Round "?"]
[White "Hossa"]
[Black "QueenMaxima"]
[Result "0-1"]
[WhiteElo "2571"]
[BlackElo "2561"]
[PlyCount "114"]
[EventDate "2000.??.??"]

1. e4 c5 2. Nf3 e6 3. c4 Nc6 4. Nc3 Nf6 5. d4 cxd4 6. Nxd4 Bb4 7. Nxc6 bxc6 8.
Bd3 e5 9. Be3 Bxc3+ 10. bxc3 O-O 11. c5 Qa5 12. O-O Rb8 13. Qd2 Ng4 14. Bg5
Qxc5 15. Rfb1 Rb6 16. h3 f6 17. Bh4 Nh6 18. c4 Ba6 19. Rxb6 axb6 20. Qc2 Nf7
21. Rd1 d6 22. Qa4 Ra8 23. Bg3 Bb7 24. Qb3 Ra3 25. Qc2 Qa5 26. Rd2 Ba6 27. Qc1
Rc3 28. Qf1 Qb4 29. a3 Qc5 30. Rc2 Rxa3 31. Rc1 Ng5 32. Ra1 Rxa1 33. Qxa1 Bxc4
34. Bc2 h6 35. Qa4 Kh7 36. h4 Ne6 37. Bd1 Nd4 38. Qa1 Bd3 39. Bf3 f5 40. Bh5
fxe4 41. Qa2 Qc4 42. Qa3 Be2 43. Be8 Qe6 44. Qa8 Qc4 45. Qa3 Qd3 46. Qa8 Nf3+
47. gxf3 Qb1+ 48. Kh2 Bxf3 49. Bg6+ Kxg6 50. Qe8+ Kh7 51. Bxe5 Qh1+ 52. Kg3 Bg4
53. Qg6+ Kxg6 54. h5+ Kf5 55. f3 Qxf3+ 56. Kh2 Bh3 57. Bxd6 Qg2# {
Hossa checkmated} 0-1

[Event "ICS rated blitz match"]
[Site "204.178.125.65"]
[Date "2000.07.10"]
[Round "?"]
[White "Tinker"]
[Black "Hossa"]
[Result "0-1"]
[WhiteElo "2468"]
[BlackElo "2555"]
[PlyCount "76"]
[EventDate "2000.??.??"]

1. e4 c5 2. Nf3 Nc6 3. Bb5 Nf6 4. d3 Qa5+ 5. Nc3 Nd4 6. Ba4 b5 7. e5 b4 8. exf6
bxc3 9. b3 gxf6 10. O-O Nf5 11. Qe2 Bb7 12. Re1 Rg8 13. Be3 Rxg2+ 14. Kxg2 Nh4+
15. Kg3 Nxf3 16. Red1 O-O-O 17. Qf1 Qc7+ 18. Bf4 e5 19. Bc1 e4+ 20. Bf4 Bd6 21.
dxe4 Nd2 22. Qe2 Bxf4+ 23. Kh4 Nxe4 24. Rf1 Bxh2 25. Qg4 Nd2 26. Rfe1 Nf3+ 27.
Kh5 Nxe1 28. Rxe1 Be5 29. Kh4 Qd6 30. Rd1 Bd4 31. Qg3 Qe6 32. Qf4 Qe4 33. Qxe4
Bxe4 34. Rc1 Bxf2+ 35. Kh3 Rg8 36. Rd1 Bd4 37. Kh4 Bxc2 38. Rf1 Bd3 {
Tinker resigns} 0-1

[Event "ICS rated blitz match"]
[Site "204.178.125.65"]
[Date "2000.07.10"]
[Round "?"]
[White "Hossa"]
[Black "WhiteCastles"]
[Result "0-1"]
[WhiteElo "2567"]
[BlackElo "2865"]
[PlyCount "112"]
[EventDate "2000.??.??"]

1. e4 e5 2. Nf3 Nc6 3. d4 exd4 4. Nxd4 Nf6 5. Nxc6 bxc6 6. e5 Qe7 7. Qe2 Nd5 8.
c4 Nb6 9. Nd2 d6 10. c5 Nd5 11. exd6 Qxe2+ 12. Bxe2 cxd6 13. O-O Nf4 14. Bd1 d5
15. Nc4 Nd3 16. Ba4 Bd7 17. Nd6+ Bxd6 18. cxd6 O-O 19. Rd1 Rfe8 20. h3 Nc5 21.
Bc2 Re2 22. Bd3 Nxd3 23. Rxd3 Re1+ 24. Kh2 Be6 25. Re3 Rf1 26. Kg3 a5 27. Rc3
d4 28. Rc2 a4 29. f3 c5 30. Kf4 d3 31. Rd2 c4 32. Ke3 Ra6 33. Rf2 Rg1 34. d7
Bxd7 35. Kd2 Bb5 36. h4 Re6 37. a3 Ree1 38. g4 Rd1+ 39. Ke3 Rge1+ 40. Kf4 Bc6
41. Rb1 Re2 42. Kg3 Rg1+ 43. Kh2 Rf1 44. Rg2 Bxf3 45. Rxe2 dxe2 46. Bd2 Rxb1
47. Kh3 Rxb2 48. Ba5 Rb5 49. Bd2 Rb3 50. Kg3 Rd3 51. Be1 c3 52. g5 c2 53. Bb4
c1=Q 54. Kf2 Qf1+ 55. Kg3 Be4+ 56. Kg4 Qf3# {Hossa checkmated} 0-1

[Event "ICS rated blitz match"]
[Site "204.178.125.65"]
[Date "2000.07.10"]
[Round "?"]
[White "WhiteCastles"]
[Black "Hossa"]
[Result "1-0"]
[WhiteElo "2870"]
[BlackElo "2562"]
[PlyCount "93"]
[EventDate "2000.??.??"]

1. d4 Nf6 2. c4 e5 3. dxe5 Ng4 4. Bf4 Nc6 5. Nf3 Bb4+ 6. Nbd2 Qe7 7. a3 Ncxe5
8. Nxe5 Nxe5 9. e3 Bxd2+ 10. Qxd2 d6 11. Be2 Ng6 12. Bg3 Bf5 13. O-O O-O 14.
Qd4 Rfe8 15. Bd1 a6 16. Ba4 Bd7 17. Bc2 Bc6 18. Rac1 b6 19. h3 Be4 20. Ba4 Red8
21. Kh2 c5 22. Qc3 b5 23. Bc2 bxc4 24. Bxe4 Qxe4 25. Qxc4 Qb7 26. b4 Rac8 27.
bxc5 Rxc5 28. Qa4 Qc8 29. Rxc5 dxc5 30. Rb1 Qf5 31. Rb6 Nf8 32. Qxa6 Qc2 33.
Rd6 Rb8 34. Rd5 Qe4 35. Qd6 Rb1 36. Qd8 Rb6 37. Re5 Qb1 38. Re8 h6 39. Rxf8+
Kh7 40. Rxf7 Rb7 41. Rf8 Qb5 42. Rh8+ Kg6 43. Qd6+ Kh5 44. Bf4 Qb6 45. g4+ Kh4
46. Bg3+ Kg5 47. f4# {Hossa checkmated} 1-0

[Event "ICS rated blitz match"]
[Site "204.178.125.65"]
[Date "2000.07.10"]
[Round "?"]
[White "KCtan"]
[Black "Hossa"]
[Result "0-1"]
[WhiteElo "2279"]
[BlackElo "2563"]
[PlyCount "70"]
[EventDate "2000.??.??"]

1. d4 Nf6 2. Nf3 e6 3. Bg5 Be7 4. Nbd2 d5 5. e3 Nbd7 6. Bd3 c5 7. c3 cxd4 8.
exd4 h6 9. Bh4 g5 10. Bg3 Nh5 11. Qe2 g4 12. Ne5 Nxg3 13. hxg3 Nxe5 14. Qxe5
Bf6 15. Qe2 Bd7 16. O-O-O Qa5 17. Kb1 Ba4 18. Rc1 Bg5 19. f4 gxf3 20. gxf3
O-O-O 21. f4 Be7 22. Nf3 Qb6 23. Ne5 Be8 24. Ka1 Bd6 25. Rce1 Kb8 26. Rh2 Rc8
27. Reh1 Rg8 28. Qf2 f6 29. Nf3 h5 30. Qe2 Rxg3 31. Nh4 Bxf4 32. Rg2 f5 33. Nf3
Rxg2 34. Qxg2 Qc7 35. Qg8 Bb5 {KCtan resigns} 0-1

[Event "ICS rated blitz match"]
[Site "204.178.125.65"]
[Date "2000.07.10"]
[Round "?"]
[White "Hossa"]
[Black "KCtan"]
[Result "1-0"]
[WhiteElo "2568"]
[BlackElo "2274"]
[PlyCount "53"]
[EventDate "2000.??.??"]

1. d4 Nf6 2. c4 d6 3. Nc3 g6 4. e4 Bg7 5. f3 O-O 6. Kf2 Nbd7 7. Be3 e5 8. dxe5
Nxe5 9. a4 Be6 10. c5 Ne8 11. Nd5 f5 12. Nf4 Bf7 13. exf5 gxf5 14. Qc2 Qf6 15.
cxd6 Nxd6 16. Rd1 Rae8 17. Qxc7 Ng4+ 18. fxg4 Ne4+ 19. Ke1 Qh4+ 20. g3 Nxg3 21.
Ng2 Rxe3+ 22. Ne2 Qh6 23. Nxe3 Nxh1 24. Nxf5 Qg6 25. Ne7+ Kh8 26. Nxg6+ Bxg6
27. Rd8 {KCtan resigns} 1-0

[Event "ICS rated blitz match"]
[Site "204.178.125.65"]
[Date "2000.07.10"]
[Round "?"]
[White "KCtan"]
[Black "Hossa"]
[Result "0-1"]
[WhiteElo "2269"]
[BlackElo "2573"]
[PlyCount "46"]
[EventDate "2000.??.??"]

1. d4 Nf6 2. Nf3 e6 3. c3 d5 4. Bg5 Nbd7 5. e3 h6 6. Bh4 Bd6 7. Bg3 Bxg3 8.
hxg3 O-O 9. Nbd2 e5 10. Nxe5 Nxe5 11. dxe5 Ng4 12. Nf3 Re8 13. Qd4 c6 14. Be2
Qe7 15. Qf4 c5 16. Bb5 Rd8 17. e4 g5 18. Qc1 dxe4 19. Nh2 Nxe5 20. Nf1 c4 21.
Qe3 Rd5 22. Ba4 Nd3+ 23. Ke2 Bg4+ {KCtan resigns} 0-1